| 000 | 00936nam a2200277 i 4500 | ||
|---|---|---|---|
| 001 | bg | ||
| 245 | 0 | 0 |
_aOrganizacje pozarządowe w społeczeństwie obywatelskim / _cMałgorzata Załuska [et al.] ; pod red. M. Załuskiej i Jerzego Boczonia. |
| 260 |
_aKatowice : _b"Śląsk", _c1998. |
||
| 300 |
_a178 s. : _brys., wykr. ; _c21 cm. |
||
| 490 | 1 | _aBiblioteka Pracownika Socjalnego | |
| 504 | _aBibliogr. przy rozdz., wykaz przepisów prawnych s. 149-150. | ||
| 650 | 9 |
_aOrganizacje _zPolska |
|
| 650 | 9 |
_aSpołeczeństwo obywatelskie _xorganizacje |
|
| 650 | 9 |
_aSpołeczności lokalne _zPolska |
|
| 655 | _aPoradniki | ||
| 700 | 1 | _aZAŁUSKA, Małgorzata | |
| 700 | 1 |
_aBOCZOŃ, Jerzy. _eRed. |
|
| 830 | _aBiblioteka Pracownika Socjalnego | ||
| 020 | _a8371641133 | ||
| 040 | _cBPK | ||
| 041 | 0 | _apl | |
| 080 | _a061.2:316.33](438) | ||
| 920 | _a83-7164-113-3 | ||
| 942 | _cKS | ||
| 008 | s pl f |000 0 pol | ||
| 999 |
_c38482 _d38482 |
||
| 856 |
_uhttp://koha.tu.koszalin.pl/cgi-bin/koha/opac-detail.pl?biblionumber=38482 _yKatalog online BPK |
||